000 00442nam a2200181Ia 4500
001 2514
005 20260306144812.0
008 260306t2008||||xx |||||||||||||| ||spa||
041 _aESP
082 _a616.8914
_bE62 2008
100 _aEnnis, María Ana
_eAUT
245 0 _aPsicoterapia simbólica:
_bbases y conceptos
260 _c2008
300 _a262 páginas :
_c21cm.
650 _aGEN
654 _aCPS
942 _cLIB
_dJUS
_fJUS
_2ddc
_n
999 _c2514
_d2514